000 03726cam a2200289 4500500
005 20260201061701.0
041 _afre
042 _adc
100 1 0 _aParaud, Carine
_eauthor
700 1 0 _aJacquiet, Philippe
_eauthor
700 1 0 _aGrisez, Christelle
_eauthor
245 0 0 _aChampignons nématophages et acariens prédateurs de larves : seront-ils demain nos agents de biocontrôle des nématodes parasites des ruminants ?
260 _c2026.
500 _a12
520 _aDans les systèmes d’élevage où les animaux pâturent, l’administration d’anthelminthiques pour contrôler les infestations par les strongles gastro-intestinaux est très fréquemment utilisée. Cette administration a conduit à la sélection de populations de nématodes résistants à la plupart des anthelminthiques utilisés. En France, des situations d’impasse thérapeutique ont été décrites récemment dans les filières de petits ruminants laitiers. D’autre part, l’impact environnemental négatif de ces traitements chimiques sur les écosystèmes des prairies est désormais bien connu. Il s’avère donc indispensable de pouvoir proposer aux éleveurs des méthodes de lutte alternatives, respectueuses de l’environnement. Diverses stratégies de lutte intégrée contre les nématodes parasites gastro-intestinaux ont été explorées et recommandées aux éleveurs : sélection d’animaux génétiquement résistants, meilleure utilisation des anthelminthiques et, en particulier, mise en œuvre de traitements sélectifs ciblés, stratégies de gestion des pâturages, telles que le pâturage mixte avec des bovins et des petits ruminants. Parmi les méthodes encore à l’étude ou pas encore disponibles figurent des méthodes de lutte biologique. Les deux méthodes présentées dans cet article, utilisation d’acariens prédateurs ou de champignons nématophages, visent à réduire le nombre de larves infestantes présentes sur la pâture.
520 _aIn ruminant grazing systems, the use of anthelmintics to control gastrointestinal strongyle infections is very frequent. This administration has led to the selection of nematode populations resistant to most of the anthelmintics. In France, situations of therapeutic impasse have recently been described in the small dairy ruminant sector. Moreover, the negative environmental impact of these chemical treatments on grassland ecosystems is now well known. It is therefore essential to be able to offer farmers alternative, environmentally-friendly methods to control gastrointestinal parasites. Various parasite control strategies have been explored and recommended to veterinarians and breeders: better use of anthelmintics and, in particular, the implementation of targeted selective treatments, selection of genetically resistant animals, pasture management strategies such as mixed grazing with cattle and small ruminants. Among the methods still under study or not yet available are biological control methods. The two methods presented in this article, the use of predatory mites or of nematophagous fungi, aim to reduce the number of infesting larvae present on the pasture.
690 _aacariens prédateurs
690 _achampignons nématophages
690 _alutte biologique
690 _astrongles gastro-intestinaux
690 _abiological control
690 _agastrointestinal strongyles
690 _anematophagous fungi
690 _apredatory mites
786 0 _nLe Nouveau Praticien Vétérinaire - Élevage & santé | 17 | 2 | 2026-01-06 | p. 26-31 | 1777-7232
856 4 1 _uhttps://stm.cairn.info/revue-le-nouveau-praticien-veterinaire-elevage-sante-2025-2-page-26?lang=fr&redirect-ssocas=7080
999 _c1639687
_d1639687